000 00418nam a2200181Ia 4500
005 20250423100005.0
008 250422s9999 xx 000 0 und d
020 _a0-87156-281-2
050 _aGV200.2.L68
100 _aMichael Loughman
245 0 _aLearning to Rock Climb
260 _aSan Francisco
260 _bA Sierra Club Book
260 _c1981
300 _a141 p
650 _aGeology
942 _cBK
999 _c31954
_d31954